Apuntes de psicología para el IX grado.

Wedi'i Gadw mewn:
Manylion Llyfryddiaeth
Prif Awdur: Saavedra Barahona, Andrés (autor)
Fformat: Llyfr
Cyhoeddwyd: Sofía, Bulgaria: Uniscorp, 2000.
Pynciau:
Tagiau: Ychwanegu Tag
Dim Tagiau, Byddwch y cyntaf i dagio'r cofnod hwn!

MARC

LEADER 00000nam a22000007a 4500
003 CL-VaPUC
005 20241121123525.0
008 241113t2000 ||||| |||| 00| 0 eng d
999 |c 445671  |d 445669 
020 |a 954-8456-24-9 
040 |c Pontificia Universidad Católica de Valparaíso 
082 |a 150.71 SAA 2000 
100 |9 893723  |a Saavedra Barahona, Andrés  |e autor 
245 |a Apuntes de psicología para el IX grado. 
260 |a Sofía, Bulgaria:  |b Uniscorp,  |c 2000. 
300 |a 146 páginas. 
500 |a Donación Biblioteca Mayor de Filosofía y Educación. 5 de noviembre de 2024. 
583 |c 20241113  |k Gabriela Rodríguez Cuevas 
650 0 |9 257863  |a Psicología   |v Manuales  |x Estudio y Enseñanza  |x Educación Media 
650 0 |9 334620  |a Historia de la Psicología 
942 |2 ddc  |c BK 
952 |0 0  |1 0  |2 ddc  |4 0  |6 150_710000000000000_SAA_2000  |7 0  |9 597983  |a BIBEDU  |b BIBEDU  |d 2024-11-13  |e Donación  |i 5663209  |o 150.71 SAA 2000  |p 5663209  |r 2024-11-13  |t 1  |w 2024-11-13  |y BK  |k EDU